| 000 | 00884nam a22003257a 4500 | ||
|---|---|---|---|
| 999 |
_c152793 _d152793 |
||
| 005 | 20190706141744.0 | ||
| 010 | _aB-110129, B-110117 | ||
| 016 | _aB-110129 | ||
| 020 | _a8179922197 | ||
| 022 | _a8179922197 | ||
| 035 | _aB-110129, B-110131,B-110131 | ||
| 035 | _aB-110117 | ||
| 037 | _bBPPD/PUB | ||
| 082 |
_aS _bFIV |
||
| 100 | _aWilde Oscar | ||
| 245 |
_a5 British masters/ _cby Oscar Wilde....(et all) |
||
| 260 |
_aMumbai _bJaco Publishing House _c2004 |
||
| 270 |
_a20, Wadala Udyog Bhavan Wadala _bMumbai _e400031 |
||
| 300 |
_a283p. _c25cm(Hb) |
||
| 650 | _aPrints, British -- Catalogs. | ||
| 650 | _aPrints, British. | ||
| 700 | _a Wilde, Oscar | ||
| 700 | _aMunro, Hector Hugh | ||
| 700 | _a Lawrence, D.H. | ||
| 700 | _aConrad, Joseph | ||
| 700 | _aDickens, Charles | ||
| 700 | _aConrad, Joseph | ||
| 942 |
_2ddc _cEN _hS _mFIV |
||